Princípy harmonizácie spoplatňovania dopravnej infraštruktúry

Harmonizácia spoplatňovania cestnej a železničnej infraštruktúry. Vymedzenie pojmov dopravná infraštruktúra, cestná a železničná infraštruktúra. Základné dokumenty súčasnej dopravnej politiky SR. Legislatíva SR a EÚ o spoplatňovaní cestnej a železničnej infraštruktúry. Spoplatňovanie v súčasnom obdo...

Ausführliche Beschreibung

Gespeichert in:
Bibliographische Detailangaben
1. Verfasser: Genzor, Peter
Weitere Verfasser: Hlavoň, Ivan
Format: Buchkapitel
Sprache:Slowakisch
Schlagworte:
Tags: Tag hinzufügen
Keine Tags, Fügen Sie das erste Tag hinzu!

MARC

LEADER 00000naa$a2200000$$$4500
001 0007733
005 20230825090002.1
041 0 |a slo 
044 |a SK 
245 1 0 |a Princípy harmonizácie spoplatňovania dopravnej infraštruktúry  |c Peter Genzor, Ivan Hlavoň 
520 |a Harmonizácia spoplatňovania cestnej a železničnej infraštruktúry. Vymedzenie pojmov dopravná infraštruktúra, cestná a železničná infraštruktúra. Základné dokumenty súčasnej dopravnej politiky SR. Legislatíva SR a EÚ o spoplatňovaní cestnej a železničnej infraštruktúry. Spoplatňovanie v súčasnom období. Základné prístupy riešenia harmonizácie. 
610 2 0 |a doprava 
610 2 0 |a infraštruktúra 
610 2 0 |a harmonizácia 
610 2 0 |a doprava cestná 
610 2 0 |a doprava železničná 
610 2 0 |a dane cestné 
610 2 0 |a politika dopravná 
610 2 0 |a Slovensko 
610 2 0 |a Európska únia 
610 2 0 |a legislatíva 
100 1 |a Genzor, Peter 
700 1 |a Hlavoň, Ivan